Howdy, Neighbor! Quiz Stats

Quiz Updated May 7, 2013

Challenge
Share
Tweet
Score 0/24 Timer 06:00
20 Plays Today
TV show % Correct
The Simpsons
98%
The Flintstones
93.4%
Seinfeld
90.2%
Family Guy
88.4%
Everybody Loves Raymond
86.8%
Happy Days
85%
Home Improvement
84.3%
I Love Lucy
81.1%
Full House
76.3%
Family Matters
73.5%
Cheers
64.4%
The Wonder Years
59.3%
TV show % Correct
Leave it to Beaver
58.2%
The Mary Tyler Moore Show
50.4%
All in the Family
49.2%
The Honeymooners
47.4%
Laverne and Shirley
47.1%
Three's Company
46.2%
Boy Meets World
42.2%
Bewitched
38.9%
Married with Children
35%
The Dick Van Dyke Show
25.5%
Gilmore Girls
22.2%
Good Times
19.8%

You're not logged in!

Compare scores with friends on all Sporcle quizzes.
Join for Free
OR
Log In

You Might Also Like...

Show Comments

Extras

Top Quizzes Today


Score Distribution

Your Account Isn't Verified!

In order to create a playlist on Sporcle, you need to verify the email address you used during registration. Go to your Sporcle Settings to finish the process.

Report this User

Report this user for behavior that violates our Community Guidelines.

Details: